<?xml version="1.0" encoding="UTF-8"?>
<collection xmlns:xsi="http://www.w3.org/2001/XMLSchema-instance" xsi:schemaLocation="http://www.loc.gov/MARC21/slim http://www.loc.gov/standards/marcxml/schema/MARC21slim.xsd" xmlns="http://www.loc.gov/MARC21/slim">
 <record>
  <leader>00000ctm a22000004i 4500</leader>
  <controlfield tag="001">UP-99796217612975218</controlfield>
  <controlfield tag="003">Buklod</controlfield>
  <controlfield tag="005">20230215105418.0</controlfield>
  <controlfield tag="006">m    |o  d |      </controlfield>
  <controlfield tag="007">ta</controlfield>
  <controlfield tag="008">190313s        xx     d     r    |||| u|</controlfield>
  <datafield tag="035" ind1=" " ind2=" ">
   <subfield code="a">(iLib)UPD-00397770777</subfield>
  </datafield>
  <datafield tag="040" ind1=" " ind2=" ">
   <subfield code="a">DENGII</subfield>
   <subfield code="e">rda</subfield>
  </datafield>
  <datafield tag="041" ind1=" " ind2=" ">
   <subfield code="a">eng</subfield>
  </datafield>
  <datafield tag="042" ind1=" " ind2=" ">
   <subfield code="a">DMLUC</subfield>
  </datafield>
  <datafield tag="090" ind1=" " ind2=" ">
   <subfield code="a">LG 995 2019 E63</subfield>
   <subfield code="b">C35</subfield>
  </datafield>
  <datafield tag="100" ind1="1" ind2=" ">
   <subfield code="a">Calugay, Alfredo P.</subfield>
   <subfield code="b">III</subfield>
   <subfield code="e">author.</subfield>
  </datafield>
  <datafield tag="245" ind1="1" ind2="0">
   <subfield code="a">Effects of exterior precast walls on the static lateral behavior of reinforced concrete residential buildings in the Philippines</subfield>
   <subfield code="c">thesis by Alfredo P. Calugay III ; Eric Augustus J. Tingatinga, thesis adviser.</subfield>
  </datafield>
  <datafield tag="264" ind1=" " ind2="0">
   <subfield code="a">Quezon City</subfield>
   <subfield code="b">College of Engineering, University of the Philippines Diliman</subfield>
   <subfield code="c">2019.</subfield>
  </datafield>
  <datafield tag="300" ind1=" " ind2=" ">
   <subfield code="a">xiii, 209 leaves</subfield>
   <subfield code="b">illustrations (some color)</subfield>
   <subfield code="c">28 cm</subfield>
  </datafield>
  <datafield tag="336" ind1=" " ind2=" ">
   <subfield code="a">text</subfield>
   <subfield code="2">rdacontent</subfield>
  </datafield>
  <datafield tag="337" ind1=" " ind2=" ">
   <subfield code="a">unmediated</subfield>
   <subfield code="2">rdamedia</subfield>
  </datafield>
  <datafield tag="338" ind1=" " ind2=" ">
   <subfield code="a">volume</subfield>
   <subfield code="2">rdacarrier</subfield>
  </datafield>
  <datafield tag="502" ind1=" " ind2=" ">
   <subfield code="a">Thesis (Master of Science in Civil Engineering)--University of the Philippines Diliman</subfield>
   <subfield code="d">January 2019.</subfield>
  </datafield>
  <datafield tag="506" ind1=" " ind2=" ">
   <subfield code="a">Available to the general public.</subfield>
  </datafield>
  <datafield tag="520" ind1="3" ind2=" ">
   <subfield code="a">In the Philippines, the design of reinforced concrete (RC) frames and precast walls are usually carried out independently by structural consultants and the specialty contractor, respectively.Because of this current practice, the effects of precast walls on the structural performance of RC frames have not been fully investigated in the design stage that generally may result to a non-optimal design of the building. In this study, the effects of exterior architectural precast walls on the static lateral behavior of reinforced concrete frames in the Philippines are presented. Numerical models of building frames with precast walls are used to investigate the behavior of the frame when subjected to a combination of dead loads, live loads, and lateral loads. Industry practices on design, analysis, and construction of RC buildings with the precast walls as well as standard material and geometric properties and limitations were determined using a survey and taken into account. Static analyses of three building models, 2-, 6-, 9- story buildings, were done using STAAD.Pro V8i SS6. For each building model, three different wall models - concrete hollow blocks, fixed RC walls, and hanging precast walls - we used to investigate the effects of precast the wall on the frame of the buildings subjected to lateral loads. In modelling the precast walls, shell elements that are fixed at the top and free at the other edges are used to simulate the pendulum-type movement of the walls. Results showed buildings with precast walls subjected to a load combination  experience larger member forces when compared with buildings with hollow blocks or fixed walls. The increase in shear and bending moment in beams are not  significant to cause changes in design, i.e., shear forces in beams nearest the support are less than the shear capacity. The increase in axial forces in columns of some buildings, however, resulted to sections being inadequate and therefore the combined effects of axial and bending on columns must be investigated further. It was concluded that the use of precast walls has no significant negative effect on frames but has most considerable advantages in terms of speed of construction and cost effectiveness.</subfield>
  </datafield>
  <datafield tag="650" ind1=" " ind2="0">
   <subfield code="a">Precast concrete.</subfield>
  </datafield>
  <datafield tag="650" ind1=" " ind2="0">
   <subfield code="a">Concrete walls.</subfield>
  </datafield>
  <datafield tag="650" ind1=" " ind2="0">
   <subfield code="a">Hollow bricks.</subfield>
  </datafield>
  <datafield tag="653" ind1=" " ind2=" ">
   <subfield code="a">STAAD.Pro.</subfield>
  </datafield>
  <datafield tag="653" ind1=" " ind2=" ">
   <subfield code="a">Numerical modelling.</subfield>
  </datafield>
  <datafield tag="700" ind1="1" ind2=" ">
   <subfield code="a">Tingatinga, Eric Augustus J.</subfield>
   <subfield code="e">adviser.</subfield>
  </datafield>
  <datafield tag="842" ind1=" " ind2=" ">
   <subfield code="a">Thesis</subfield>
  </datafield>
  <datafield tag="905" ind1=" " ind2=" ">
   <subfield code="a">FI</subfield>
  </datafield>
  <datafield tag="905" ind1=" " ind2=" ">
   <subfield code="a">UP</subfield>
  </datafield>
  <datafield tag="852" ind1="0" ind2=" ">
   <subfield code="a">UPD</subfield>
   <subfield code="b">DENG-II</subfield>
   <subfield code="h">LG 995 2019 E63</subfield>
   <subfield code="i">C35</subfield>
  </datafield>
  <datafield tag="942" ind1=" " ind2=" ">
   <subfield code="a">Thesis</subfield>
  </datafield>
 </record>
</collection>
